Statistics for The First 100 Words of Swallows and Amazons

Click here to take the quiz!

General Stats

  • This quiz has been taken 52 times
  • The average score is 51 of 100

Answer Stats

Answer% Correct
The
97%
the
97%
and
85%
in
82%
on
79%
of
77%
to
77%
for
74%
he
74%
He
74%
was
74%
they
69%
where
69%
no
67%
were
62%
by
59%
fro,
59%
Then
59%
then
59%
from
56%
him
54%
him,
54%
that
54%
up
54%
holidays.
44%
lake
38%
summer
38%
other
36%
staying
36%
ran
33%
tacking
33%
wind
33%
field.
31%
field
31%
side
31%
again.
28%
family,
28%
Roger,
28%
youngest
28%
farm
26%
farm.
26%
across
23%
Each
21%
Howe,
21%
part
21%
Holly
18%
until
18%
wide
18%
against
15%
brought
15%
crossed
15%
hedge
15%
steep
15%
turned
15%
aged
13%
longer
13%
nearer
13%
nearly
13%
reached
13%
seven,
13%
zigzags,
13%
crossing
10%
sloped
10%
footpath,
8%

Score Distribution

Percentile by Number Answered

Percent of People with Each Score

Your Score History

You have not taken this quiz